[Event "M.Botvinnik Memorial 2012 Blitz"]
[Site "St. Petersburg"]
[Date "2012.08.24"]
[Round "11.2"]
[White "Ponkratov, Pavel"]
[Black "Alekseev, Evgeny"]
[Result "0-1"]
[LiveChessVersion "1.3.1"]
[BlackElo "2639"]
[WhiteElo "2587"]

1. Nc3 {[%clk 0:03:03]} c5 {[%clk 0:03:03]} 2. e4 {[%clk 0:03:04]} Nc6
{[%clk 0:03:01]} 3. Nf3 {[%clk 0:03:05]} e6 {[%clk 0:02:54]} 4. d4
{[%clk 0:03:06]} cxd4 {[%clk 0:02:55]} 5. Nxd4 {[%clk 0:03:07]} Qc7
{[%clk 0:02:56]} 6. Be3 {[%clk 0:03:08]} Nf6 {[%clk 0:02:57]} 7. f4
{[%clk 0:03:08]} Bb4 {[%clk 0:02:48]} 8. Ndb5 {[%clk 0:03:07]} Qa5
{[%clk 0:02:48]} 9. e5 {[%clk 0:03:07]} Nd5 {[%clk 0:02:48]} 10. Bd2
{[%clk 0:03:08]} Nxc3 {[%clk 0:02:49]} 11. Nxc3 {[%clk 0:03:08]} d5
{[%clk 0:02:47]} 12. a3 {[%clk 0:02:59]} Be7 {[%clk 0:02:41]} 13. Bd3
{[%clk 0:03:00]} Bd7 {[%clk 0:02:35]} 14. Qf3 {[%clk 0:02:28]} g6
{[%clk 0:02:21]} 15. Nb5 {[%clk 0:02:17]} Qd8 {[%clk 0:02:17]} 16. Nd6+
{[%clk 0:01:57]} Bxd6 {[%clk 0:02:07]} 17. exd6 {[%clk 0:01:58]} Qb8
{[%clk 0:02:03]} 18. O-O {[%clk 0:01:24]} Qxd6 {[%clk 0:02:04]} 19. Qf2
{[%clk 0:01:18]} Qc7 {[%clk 0:01:55]} 20. Kh1 {[%clk 0:01:16]} Qb6
{[%clk 0:01:36]} 21. Qh4 {[%clk 0:01:11]} Qd8 {[%clk 0:01:35]} 22. Qg3
{[%clk 0:01:04]} Qf6 {[%clk 0:01:28]} 23. b4 {[%clk 0:00:33]} Ne7
{[%clk 0:01:23]} 24. b5 {[%clk 0:00:31]} Nf5 {[%clk 0:01:16]} 25. Qf2
{[%clk 0:00:30]} h5 {[%clk 0:01:14]} 26. a4 {[%clk 0:00:20]} O-O {[%clk 0:01:09]}
27. Rae1 {[%clk 0:00:18]} Rfc8 {[%clk 0:01:07]} 28. Re5 {[%clk 0:00:17]} a6
{[%clk 0:01:03]} 29. Qb6 {[%clk 0:00:13]} axb5 30. axb5 {[%clk 0:00:14]} Qd8
{[%clk 0:00:57]} 31. Qf2 {[%clk 0:00:15]} Ra2 {[%clk 0:00:50]} 32. Qf3
{[%clk 0:00:11]} Qb6 {[%clk 0:00:40]} 33. Bxf5 {[%clk 0:00:10]} exf5
{[%clk 0:00:40]} 34. Qxd5 {[%clk 0:00:11]} Be6 {[%clk 0:00:41]} 35. Qd3
{[%clk 0:00:08]} Rcxc2 {[%clk 0:00:39]} 36. Be3 {[%clk 0:00:09]} Rxg2
{[%clk 0:00:32]} 37. Rc1 {[%clk 0:00:07]} Rxh2+ 38. Kg1 Rh3 {[%clk 0:00:12]} 39.
Rxe6 {[%clk 0:00:09]} Qxe6 {[%clk 0:00:12]} 40. Qd8+ {[%clk 0:00:09]} Kh7
{[%clk 0:00:13]} 41. Bd4 {[%clk 0:00:10]} Rg3+ {[%clk 0:00:12]} 0-1

[Event "M.Botvinnik Memorial 2012 Blitz"]
[Site "St. Petersburg"]
[Date "2012.08.24"]
[Round "11.3"]
[White "Tiviakov, Sergei"]
[Black "Andriasian, Zaven"]
[Result "1/2-1/2"]
[LiveChessVersion "1.3.1"]
[BlackElo "2616"]
[WhiteElo "2674"]

1. e4 {[%clk 0:03:03]} d6 {[%clk 0:03:03]} 2. d4 {[%clk 0:03:04]} Nf6
{[%clk 0:03:04]} 3. Nc3 {[%clk 0:03:05]} g6 {[%clk 0:02:56]} 4. Bg5
{[%clk 0:03:06]} Bg7 {[%clk 0:02:57]} 5. f4 {[%clk 0:03:06]} c5 {[%clk 0:02:34]}
6. dxc5 {[%clk 0:02:43]} Qa5 {[%clk 0:02:36]} 7. Qd2 {[%clk 0:02:35]} Qxc5
{[%clk 0:02:36]} 8. Bd3 {[%clk 0:02:36]} O-O {[%clk 0:02:29]} 9. Nf3
{[%clk 0:02:37]} Bg4 {[%clk 0:02:26]} 10. O-O-O {[%clk 0:02:32]} Nc6
{[%clk 0:02:24]} 11. Kb1 {[%clk 0:02:29]} Rfc8 {[%clk 0:02:19]} 12. Bh4
{[%clk 0:02:18]} Qa5 {[%clk 0:02:13]} 13. Bxf6 {[%clk 0:01:30]} Bxf6
{[%clk 0:02:08]} 14. Nd5 {[%clk 0:01:31]} Qxd2 {[%clk 0:01:59]} 15. Nxf6+
{[%clk 0:01:30]} Kg7 {[%clk 0:02:00]} 16. Rxd2 {[%clk 0:01:29]} Kxf6
{[%clk 0:01:59]} 17. Rf1 {[%clk 0:01:30]} Bxf3 {[%clk 0:01:54]} 18. Rxf3
{[%clk 0:01:31]} Kg7 {[%clk 0:01:48]} 19. c3 {[%clk 0:01:30]} Na5
{[%clk 0:01:39]} 20. Re3 {[%clk 0:01:25]} Rc7 {[%clk 0:01:32]} 21. Be2
{[%clk 0:01:24]} Rac8 {[%clk 0:01:27]} 22. e5 {[%clk 0:01:23]} dxe5
{[%clk 0:01:15]} 23. Rxe5 {[%clk 0:01:24]} Nc6 {[%clk 0:01:15]} 24. Re3
{[%clk 0:01:24]} e6 {[%clk 0:01:15]} 25. Red3 {[%clk 0:01:19]} e5
{[%clk 0:01:06]} 26. fxe5 {[%clk 0:01:19]} Nxe5 {[%clk 0:01:07]} 27. Rd6
{[%clk 0:01:19]} Nc4 {[%clk 0:01:02]} 28. Bxc4 {[%clk 0:01:19]} Rxc4
{[%clk 0:01:03]} 29. Rd7 {[%clk 0:01:18]} R8c7 {[%clk 0:01:00]} 30. Kc2
{[%clk 0:01:19]} h5 {[%clk 0:00:57]} 31. Rxc7 {[%clk 0:01:15]} Rxc7
{[%clk 0:00:58]} 32. Rd4 {[%clk 0:01:16]} g5 {[%clk 0:00:53]} 33. c4
{[%clk 0:01:17]} f5 {[%clk 0:00:51]} 34. Kc3 {[%clk 0:01:17]} Kf6
{[%clk 0:00:51]} 35. b4 {[%clk 0:01:17]} Re7 {[%clk 0:00:45]} 36. Rd6+
{[%clk 0:01:11]} Ke5 {[%clk 0:00:46]} 37. Rd1 {[%clk 0:01:10]} Kf6
{[%clk 0:00:45]} 38. Rd6+ {[%clk 0:01:07]} Ke5 {[%clk 0:00:46]} 39. Rd5+
{[%clk 0:01:02]} Kf6 {[%clk 0:00:47]} 40. Rd6+ {[%clk 0:00:53]} Ke5
{[%clk 0:00:48]} 1/2-1/2

[Event "M.Botvinnik Memorial 2012 Blitz"]
[Site "St. Petersburg"]
[Date "2012.08.24"]
[Round "11.5"]
[White "Zvjaginsev, Vadim"]
[Black "Popov, Valerij"]
[Result "1/2-1/2"]
[LiveChessVersion "1.3.1"]
[BlackElo "2557"]
[WhiteElo "2671"]

1. c4 {[%clk 0:03:03]} e6 {[%clk 0:03:02]} 2. Nf3 {[%clk 0:03:02]} d5
{[%clk 0:03:03]} 3. d4 {[%clk 0:03:03]} Nf6 {[%clk 0:03:04]} 4. Nc3
{[%clk 0:03:03]} c6 {[%clk 0:03:04]} 5. e3 {[%clk 0:03:03]} a6 {[%clk 0:03:03]}
6. Ne5 {[%clk 0:02:54]} Nbd7 {[%clk 0:02:58]} 7. Be2 {[%clk 0:02:50]} dxc4
{[%clk 0:02:55]} 8. Nxd7 {[%clk 0:02:32]} Bxd7 {[%clk 0:02:46]} 9. Bxc4
{[%clk 0:02:32]} b5 {[%clk 0:02:40]} 10. Be2 {[%clk 0:02:30]} c5 {[%clk 0:02:41]}
11. Bf3 {[%clk 0:02:22]} Rc8 {[%clk 0:02:30]} 12. O-O {[%clk 0:02:22]} Be7
{[%clk 0:02:16]} 13. dxc5 {[%clk 0:02:16]} Ra8 1/2-1/2

[Event "M.Botvinnik Memorial 2012 Blitz"]
[Site "St. Petersburg"]
[Date "2012.08.24"]
[Round "11.6"]
[White "Yakovich, Yuri"]
[Black "Matlakov, Maxim"]
[Result "0-1"]
[LiveChessVersion "1.3.1"]
[BlackElo "2663"]
[WhiteElo "2525"]

1. d4 {[%clk 0:03:03]} Nf6 {[%clk 0:03:03]} 2. c4 {[%clk 0:03:04]} g6
{[%clk 0:03:04]} 3. Nc3 {[%clk 0:03:04]} d5 {[%clk 0:03:05]} 4. Nf3
{[%clk 0:03:03]} Bg7 {[%clk 0:03:06]} 5. Qb3 {[%clk 0:03:04]} dxc4
{[%clk 0:03:04]} 6. Qxc4 {[%clk 0:03:05]} O-O {[%clk 0:03:01]} 7. Bf4
{[%clk 0:03:06]} Na6 {[%clk 0:02:48]} 8. e4 {[%clk 0:03:07]} c5 {[%clk 0:02:44]}
9. dxc5 {[%clk 0:03:07]} Qa5 {[%clk 0:02:37]} 10. e5 {[%clk 0:03:01]} Nd7
{[%clk 0:02:24]} 11. a3 {[%clk 0:02:59]} Qxc5 {[%clk 0:02:17]} 12. Nd5
{[%clk 0:02:45]} e6 {[%clk 0:02:12]} 13. Qxc5 {[%clk 0:02:44]} Ndxc5
{[%clk 0:01:56]} 14. Ne7+ {[%clk 0:02:41]} Kh8 {[%clk 0:01:58]} 15. b4
{[%clk 0:02:05]} Na4 {[%clk 0:01:58]} 16. Rd1 {[%clk 0:02:06]} Nc7
{[%clk 0:01:50]} 17. h4 {[%clk 0:01:58]} Nd5 {[%clk 0:01:31]} 18. Nxd5
{[%clk 0:01:55]} exd5 {[%clk 0:01:32]} 19. Rxd5 {[%clk 0:01:42]} Be6
{[%clk 0:01:28]} 20. Rd2 {[%clk 0:01:29]} Rac8 {[%clk 0:01:20]} 21. Be2
{[%clk 0:01:29]} Nc3 {[%clk 0:01:13]} 22. h5 {[%clk 0:01:20]} Kg8
{[%clk 0:00:55]} 23. h6 {[%clk 0:01:12]} Bh8 {[%clk 0:00:57]} 24. Bd3
{[%clk 0:00:56]} Nd5 {[%clk 0:00:47]} 25. Bg3 {[%clk 0:00:55]} Rc3
{[%clk 0:00:43]} 26. O-O {[%clk 0:00:39]} Rxa3 {[%clk 0:00:45]} 27. Be4
{[%clk 0:00:41]} Nxb4 {[%clk 0:00:42]} 28. Bxb7 {[%clk 0:00:42]} Rd3
{[%clk 0:00:37]} 29. Rfd1 {[%clk 0:00:41]} Rfd8 {[%clk 0:00:36]} 30. Be4
{[%clk 0:00:19]} Rxd2 {[%clk 0:00:34]} 31. Rxd2 {[%clk 0:00:20]} Rxd2
{[%clk 0:00:34]} 32. Nxd2 {[%clk 0:00:21]} f6 {[%clk 0:00:34]} 33. f4
{[%clk 0:00:21]} fxe5 {[%clk 0:00:32]} 34. fxe5 {[%clk 0:00:22]} a5
{[%clk 0:00:33]} 35. Kf2 {[%clk 0:00:18]} a4 {[%clk 0:00:34]} 36. Nb1
{[%clk 0:00:20]} Kf7 {[%clk 0:00:27]} 37. Ke3 {[%clk 0:00:21]} Bf5
{[%clk 0:00:28]} 38. Bxf5 {[%clk 0:00:08]} gxf5 {[%clk 0:00:29]} 39. Be1
{[%clk 0:00:04]} Nc6 {[%clk 0:00:27]} 40. Bd2 0-1

[Event "M.Botvinnik Memorial 2012 Blitz"]
[Site "St. Petersburg"]
[Date "2012.08.24"]
[Round "11.7"]
[White "Khismatullin, Denis"]
[Black "Ovetchkin, Roman"]
[Result "1-0"]
[LiveChessVersion "1.3.1"]
[BlackElo "2525"]
[WhiteElo "2607"]

1. d4 Nf6 2. c4 e6 3. Nf3 Bb4+ 4. Nbd2 c5 5. e3 O-O 6. Bd3 cxd4 7. exd4 d5 8. c5
b6 9. a3 Bxd2+ 10. Bxd2 Ne4 11. b4 bxc5 12. dxc5 a5 13. O-O Ba6 14. b5 Bc8 15. c6
Qf6 16. Bxe4 dxe4 17. Ng5 Qf5 18. Qa4 Rd8 19. Be3 Rd5 20. b6 1-0

[Event "M.Botvinnik Memorial 2012 Blitz"]
[Site "St. Petersburg"]
[Date "2012.08.24"]
[Round "11.8"]
[White "Belozerov, Andrei"]
[Black "Aleksandrov, Aleksej"]
[Result "1-0"]
[LiveChessVersion "1.3.1"]
[BlackElo "2583"]
[WhiteElo "2504"]

1. d4 d5 2. c4 e6 3. Nf3 Nf6 4. g3 dxc4 5. Bg2 a6 6. O-O Nc6 7. Nc3 Nd5 8. e4
Nxc3 9. bxc3 Be7 10. Bf4 O-O 11. Qe2 Na5 12. Rad1 c6 13. Ne5 b5 14. d5 exd5 15.
exd5 Bf6 16. Nxc6 Qb6 17. Be3 Qc7 18. d6 Qxc6 19. Bxc6 Nxc6 20. d7 Bb7 21. Bc5
Rfd8 22. Bb6 Ne5 23. f4 Ng6 24. Bxd8 Rxd8 25. Qe8+ Nf8 26. Rfe1 Bc6 27. Re7 Bxe7
28. Qxe7 Rxd7 29. Rxd7 Bxd7 30. Qd8 h5 31. Qb6 g6 32. Qxa6 f5 33. Qd6 Kf7 34.
Qd5+ Ke7 35. Qc5+ Kf7 36. Kf2 Ne6 37. Qd6 Nf8 38. Ke3 Be8 39. Kd4 Ne6+ 40. Ke5
Nf8 41. Qf6+ Kg8 42. Kd6 Nh7 43. Qe7 Bf7 44. Kc5 Kg7 45. Kxb5 Nf6 46. Qe5 Bd5 47.
Kc5 Bg8 48. a4 Kf7 49. Qc7+ Ke6 50. a5 Ne4+ 51. Kb6 1-0

[Event "M.Botvinnik Memorial 2012 Blitz"]
[Site "St. Petersburg"]
[Date "2012.08.24"]
[Round "11.9"]
[White "Epishin, Vladimir"]
[Black "Baghdasaryan, Vahe"]
[Result "1-0"]
[LiveChessVersion "1.3.1"]
[BlackElo "2437"]
[WhiteElo "2576"]

1. d4 d5 2. Nf3 Nf6 3. c4 c6 4. Qb3 dxc4 5. Qxc4 Bf5 6. g3 e6 7. Bg2 Be7 8. O-O
O-O 9. Rd1 h6 10. e3 b5 11. Qe2 Qb6 12. a4 Nbd7 13. axb5 cxb5 14. Nc3 b4 15. e4
bxc3 16. exf5 cxb2 17. Bxb2 exf5 18. Ne5 Rae8 19. Bc3 Bd6 20. Rdb1 Qc7 21. Rc1
Nxe5 22. dxe5 Bxe5 23. Bxe5 Qxe5 24. Qxe5 Rxe5 25. Rxa7 g6 26. Bf3 Kg7 27. Rcc7
h5 28. h4 Ng8 29. Kg2 Nh6 30. Re7 Rxe7 31. Rxe7 f4 32. Re5 fxg3 33. fxg3 Rb8 34.
Kf2 Nf5 35. Re2 Rb3 36. Rd2 Kf6 37. Kg2 g5 38. hxg5+ Kxg5 39. Rd5 Rb2+ 40. Kg1
Kf6 41. Bxh5 Nxg3 42. Bg4 Ne4 43. Rf5+ Kg6 44. Rf4 Ng5 45. Ra4 Rd2 46. Ra6+ f6
47. Kf1 Ne4 48. Ke1 Rb2 49. Bf3 Ng3 50. Ra4 f5 51. Rc4 Kg5 52. Ra4 Rh2 53. Rb4
Ra2 54. Rc4 Ra5 55. Rb4 f4 56. Kf2 Ra2+ 57. Kg1 Nf5 58. Be4 Nh4 59. Rb8 Kg4 60.
Rg8+ Kh3 61. Kf1 Ra4 62. Bd5 Rd4 63. Bc6 Rd2 64. Be4 Rd4 65. Bc6 Nf5 66. Ke2 Ng3+
67. Kf3 Rc4 68. Rh8+ 1-0

[Event "M.Botvinnik Memorial 2012 Blitz"]
[Site "St. Petersburg"]
[Date "2012.08.24"]
[Round "11.10"]
[White "Kovalenko, Igor"]
[Black "Yemelin, Vasily"]
[Result "1-0"]
[LiveChessVersion "1.3.1"]
[BlackElo "2554"]
[WhiteElo "2650"]

1. d4 e6 2. Nf3 Nf6 3. e3 c5 4. Bd3 d5 5. O-O Nc6 6. b3 Qc7 7. a3 e5 8. dxe5 Nxe5
9. Nbd2 Nxd3 10. cxd3 Be7 11. Bb2 O-O 12. Rc1 b6 13. d4 Bg4 14. h3 Bh5 15. dxc5
bxc5 16. Qc2 Rfc8 17. b4 c4 18. Nd4 Bg6 19. Qa4 Bd3 20. Rfd1 h6 21. N2f3 Bf8 22.
Rxd3 1-0

[Event "M.Botvinnik Memorial 2012 Blitz"]
[Site "St. Petersburg"]
[Date "2012.08.24"]
[Round "11.11"]
[White "Pridorozhni, Aleksei"]
[Black "Khairullin, Ildar"]
[Result "1-0"]
[LiveChessVersion "1.3.1"]
[BlackElo "2633"]
[WhiteElo "2542"]

1. e4 {[%clk 0:03:03]} c5 {[%clk 0:03:03]} 2. Nc3 {[%clk 0:03:04]} e6
{[%clk 0:03:03]} 3. Nf3 {[%clk 0:03:04]} Nc6 {[%clk 0:03:04]} 4. Bb5
{[%clk 0:03:04]} Nge7 {[%clk 0:03:03]} 5. O-O {[%clk 0:03:04]} a6
{[%clk 0:03:04]} 6. Bxc6 {[%clk 0:03:04]} Nxc6 {[%clk 0:03:05]} 7. d4
{[%clk 0:03:05]} cxd4 {[%clk 0:03:05]} 8. Nxd4 {[%clk 0:03:07]} Qc7
{[%clk 0:03:01]} 9. Nxc6 {[%clk 0:03:06]} dxc6 {[%clk 0:02:59]} 10. Qg4
{[%clk 0:03:06]} e5 {[%clk 0:02:57]} 11. Qg3 {[%clk 0:03:07]} f6 {[%clk 0:02:14]}
12. a4 {[%clk 0:02:59]} a5 {[%clk 0:02:02]} 13. Nd1 {[%clk 0:02:53]} Be6
{[%clk 0:02:01]} 14. Ne3 {[%clk 0:02:52]} Bc5 {[%clk 0:01:57]} 15. b3
{[%clk 0:02:18]} O-O-O {[%clk 0:01:55]} 16. Ba3 {[%clk 0:02:18]} Bxa3
{[%clk 0:01:43]} 17. Rxa3 {[%clk 0:02:18]} Rd4 {[%clk 0:01:42]} 18. Qf3
{[%clk 0:02:10]} Qd6 {[%clk 0:01:39]} 19. Raa1 {[%clk 0:02:09]} Kc7
{[%clk 0:01:27]} 20. Rfe1 {[%clk 0:01:52]} Qc5 {[%clk 0:01:26]} 21. Rac1
{[%clk 0:01:49]} Rd7 {[%clk 0:01:08]} 22. h4 {[%clk 0:01:33]} Rhd8
{[%clk 0:01:09]} 23. Red1 {[%clk 0:01:26]} Rxd1+ {[%clk 0:00:57]} 24. Rxd1
{[%clk 0:01:27]} Rxd1+ {[%clk 0:00:57]} 25. Qxd1 {[%clk 0:01:28]} Qd4
{[%clk 0:00:56]} 26. Qe1 {[%clk 0:01:19]} Kb6 {[%clk 0:00:30]} 27. f3
{[%clk 0:01:19]} Ka6 {[%clk 0:00:31]} 28. Kf2 {[%clk 0:01:20]} b5
{[%clk 0:00:33]} 29. axb5+ {[%clk 0:01:13]} cxb5 {[%clk 0:00:34]} 30. Ke2
{[%clk 0:01:11]} a4 {[%clk 0:00:34]} 31. Qc1 {[%clk 0:00:57]} Qc5
{[%clk 0:00:29]} 32. bxa4 {[%clk 0:00:51]} bxa4 {[%clk 0:00:30]} 33. c4
{[%clk 0:00:51]} a3 {[%clk 0:00:22]} 34. Qc2 {[%clk 0:00:47]} Qb4
{[%clk 0:00:22]} 35. Kd3 {[%clk 0:00:46]} g6 {[%clk 0:00:15]} 36. Nd5
{[%clk 0:00:38]} Bxd5 {[%clk 0:00:16]} 37. cxd5 {[%clk 0:00:36]} Qd4+
{[%clk 0:00:16]} 38. Ke2 {[%clk 0:00:36]} Qb4 {[%clk 0:00:12]} 39. Kd3
{[%clk 0:00:36]} Qd4+ {[%clk 0:00:13]} 40. Ke2 {[%clk 0:00:37]} Qb2
{[%clk 0:00:11]} 41. Kd3 {[%clk 0:00:38]} Qd4+ {[%clk 0:00:07]} 42. Ke2
{[%clk 0:00:39]} Qb2 {[%clk 0:00:06]} 43. Kd3 {[%clk 0:00:40]} Qd4+
{[%clk 0:00:07]} 44. Ke2 {[%clk 0:00:41]} Qb2 {[%clk 0:00:05]} 45. Kd2
{[%clk 0:00:12]} Qd4+ {[%clk 0:00:05]} 46. Ke2 {[%clk 0:00:11]} Qb2 1-0

[Event "M.Botvinnik Memorial 2012 Blitz"]
[Site "St. Petersburg"]
[Date "2012.08.24"]
[Round "11.12"]
[White "Levin, Evgeny A."]
[Black "Maletin, Pavel"]
[Result "1-0"]
[LiveChessVersion "1.3.1"]
[BlackElo "2600"]
[WhiteElo "2512"]

1. d4 {[%clk 0:03:02]} Nf6 {[%clk 0:03:03]} 2. Nf3 {[%clk 0:03:02]} e6
{[%clk 0:03:03]} 3. c4 {[%clk 0:02:59]} Bb4+ {[%clk 0:03:02]} 4. Bd2
{[%clk 0:02:51]} c5 {[%clk 0:03:02]} 5. Bxb4 {[%clk 0:02:48]} cxb4
{[%clk 0:03:03]} 6. g3 {[%clk 0:02:44]} O-O {[%clk 0:03:02]} 7. Bg2
{[%clk 0:02:46]} d6 {[%clk 0:03:02]} 8. O-O {[%clk 0:02:43]} a5 {[%clk 0:03:03]}
9. Nbd2 {[%clk 0:02:30]} Qe7 {[%clk 0:02:53]} 10. Rc1 {[%clk 0:02:15]} Na6
{[%clk 0:02:39]} 11. e4 {[%clk 0:01:58]} e5 {[%clk 0:02:36]} 12. h3
{[%clk 0:01:57]} b6 {[%clk 0:02:34]} 13. Ne1 {[%clk 0:01:32]} Bb7
{[%clk 0:02:25]} 14. Nc2 {[%clk 0:01:19]} Rfe8 {[%clk 0:02:22]} 15. Re1
{[%clk 0:01:20]} Nc7 {[%clk 0:02:15]} 16. Ne3 {[%clk 0:01:13]} g6
{[%clk 0:02:12]} 17. Nd5 {[%clk 0:01:01]} Ncxd5 {[%clk 0:01:56]} 18. exd5
{[%clk 0:01:01]} Qd8 {[%clk 0:01:42]} 19. Nf3 {[%clk 0:00:55]} Nd7
{[%clk 0:01:29]} 20. Qd2 {[%clk 0:00:40]} Qf6 {[%clk 0:01:14]} 21. dxe5
{[%clk 0:00:40]} dxe5 {[%clk 0:01:14]} 22. Ng5 {[%clk 0:00:32]} Nc5
{[%clk 0:01:14]} 23. Ne4 {[%clk 0:00:31]} Nxe4 {[%clk 0:01:14]} 24. Rxe4
{[%clk 0:00:31]} Qd6 {[%clk 0:01:13]} 25. Rce1 {[%clk 0:00:30]} f5
{[%clk 0:01:04]} 26. R4e3 {[%clk 0:00:23]} Re7 {[%clk 0:01:04]} 27. f4
{[%clk 0:00:15]} e4 {[%clk 0:01:05]} 28. Qd4 {[%clk 0:00:14]} Rc8
{[%clk 0:01:01]} 29. Rc1 {[%clk 0:00:13]} Rc5 {[%clk 0:01:00]} 30. Ree1
{[%clk 0:00:10]} Rec7 {[%clk 0:00:58]} 31. b3 {[%clk 0:00:11]} b5
{[%clk 0:01:00]} 32. Bf1 {[%clk 0:00:12]} bxc4 {[%clk 0:00:52]} 33. Bxc4
{[%clk 0:00:12]} Ba6 {[%clk 0:00:46]} 34. Red1 {[%clk 0:00:06]} Bxc4
{[%clk 0:00:30]} 35. Rxc4 {[%clk 0:00:07]} Kf7 {[%clk 0:00:15]} 36. Kf2
{[%clk 0:00:08]} Rxc4 {[%clk 0:00:14]} 37. bxc4 a4 38. Rc1 {[%clk 0:00:08]} b3
{[%clk 0:00:14]} 39. axb3 {[%clk 0:00:08]} axb3 {[%clk 0:00:15]} 40. c5
{[%clk 0:00:10]} Qa6 {[%clk 0:00:16]} 41. d6 {[%clk 0:00:09]} Rb7
{[%clk 0:00:17]} 42. Qd5+ {[%clk 0:00:09]} Kg7 {[%clk 0:00:18]} 43. Qd4+
{[%clk 0:00:10]} Kh6 {[%clk 0:00:19]} 44. d7 {[%clk 0:00:09]} Qa2+
{[%clk 0:00:18]} 45. Kg1 {[%clk 0:00:07]} b2 {[%clk 0:00:19]} 46. Rd1
{[%clk 0:00:06]} b1=Q {[%clk 0:00:09]} 47. d8=Q {[%clk 0:00:07]} Qxd1+
{[%clk 0:00:05]} 48. Qxd1 {[%clk 0:00:08]} Rb1 {[%clk 0:00:06]} 49. Qh4+ Kg7 50.
Qe7+ {[%clk 0:00:10]} Kh6 {[%clk 0:00:09]} 51. Qh4+ {[%clk 0:00:11]} Kg7
{[%clk 0:00:11]} 52. Qe7+ {[%clk 0:00:09]} Kh6 {[%clk 0:00:12]} 53. Qf8#
{[%clk 0:00:09]} 1-0